Implementing community care /

This book is divided into three parts: The policy context; Staff and users; Models of care.

Na minha lista:
Detalhes bibliográficos
Formato: Livro
Idioma:English
Publicado em: Buckingham : Open University Press, 1994.
Assuntos:
Tags: Adicionar Tag
Sem tags, seja o primeiro a adicionar uma tag!
Thư viện lưu trữ: Mạng thư viện Đại học Đà Nẵng
LEADER 00977cam a2200337 i 4500
001 000047833
003 7527
005 20030312104736.0
008 010319|1994 vm 000 eng
020 |a 0335157386 
040 |a IRC  |c IRC  |d IRC 
041 0 |a eng 
082 1 4 |a 362.40485  |b Im-C 
245 0 0 |a Implementing community care /  |c Edited by Nigel A. Malin. 
260 |a Buckingham :  |b Open University Press,  |c 1994. 
300 |a x, 214 p. ;  |c 23cm. 
520 3 |a This book is divided into three parts: The policy context; Staff and users; Models of care. 
630 0 4 |a Great Britain. 
630 0 4 |a Handicapped. 
650 0 4 |a Handicapped  |x Care  |z Great Britain. 
650 0 4 |a Handicapped  |x Deinstitutionalization  |z Great Britain. 
OWN |a DUT 
999 |a From the UDN01 
TYP |a Monograph 
TYP |a Printed language 
980 |a Mạng thư viện Đại học Đà Nẵng